000 00707nam a2200289Ia 4500
005 20260324132154.0
008 008 260324s9999 xx 000 0 eng d
020 _a9781003237396
037 _aEBOOK
040 _aCRL
040 _beng
040 _cCRL
041 _2eng
041 _aeng
084 _qCRL
100 _aKatherine Pebley O'Neal
_91188285
245 0 _aPublic Speaking
245 0 _b7 Steps to Writing and Delivering a Great Speech (Grades 4-8)
260 _bTaylor and Francis
260 _c2005
365 _a
365 _b56.99
856 _uhttp://www.taylorfrancis.com/books/9781003237396
942 _cEBOOK
999 _c1786150
_d1786150